Loga dawnych banków - Statystyki

Ogólne statystyki
  • Ten quiz został rozwiązany 7 razy
  • Średni wynik to 4 z 8
Statystyki odpowiedzi
Obrazkowy Hint Odpowiedź % Poprawnych
Millenium Eurobank
71%
Velo Bank Getin
71%
Santander Wielkopolski Bank Kredytowy
71%
Santander Kredyt
43%
BNP Paribas Raiffeisen
43%
BNP Paribas Bank Gospodarki Żywnościowej
29%
PKO Nordea
29%
BNP Paribas Fortis
14%
Nie znaleziono quizów pasujących do podanych kryteriów
Rozkład punktacji
Procent ludzi z każdym wynikiem
Percentyl według liczby udzielonych odpowiedzi
Twoja historia wyników
Nie rozwiązałeś tego quizu